00650 2200217 4500001002100000005001500021035002500036020002200061040001200083082000800095084001600103245013000119250001100249260003500260300003600295500003100331650001600362700002000378850001300398990002100411INLIS00000000001806520250620102443 a0010-031600000000075 a978-602-6912-07-7 aYOPDDIY a338 aDEP 338 Ket aKetahanan pangan :bkemandirian pangan dan kesejahteraan masyarakat daerah rawan pangan di Jawa /cTedy Dirhamsyah...[et al]. aCet.1. aYogyakarta :bPlantaxia,c2016 axii, 188 hlm. :bilus. ;c26 cm aBibliografi : hlm. 157-173 aBahan Pokok aTedy Dirhamsyah aBPAD DIY aCB-D.11/2016-017